Obzornik zdravstvene nege

Bibliographic Details
Previous Title:Zdravstveni obzornik
Corporate Authors: Zbornica zdravstvene nege Slovenje, Zbornica zdravstvene in babiške nege Slovenije
Format: Electronic Journal
Language:Slovenian
Published: Ljubljana : Zbornica zdravstvene nege Slovenije
Subjects:
Online Access:Full text available from Research Library: 01/01/2013 to present

MARC

LEADER 00000nas a22000007a 4500
001 ssj0001033889
003 WaSeSS
005 20200512172242.0
006 m d
007 cr n
008 981016c19949999xv x p s 0 0slv
022 |l 1318-2951  |y 1318-2951 
035 |a (WaSeSS)ssj0001033889 
040 |a DNLM  |c DNLM  |d WaSeSS 
041 0 |a slv  |b eng 
060 0 0 |a W1  |b ZD868 
245 0 0 |a Obzornik zdravstvene nege  |h [electronic resource]. 
246 1 |i Issues from 2017- have parallel title:  |a Slovenian Nursing Review 
260 |a Ljubljana :  |b Zbornica zdravstvene nege Slovenije 
310 |a Six no. a year,  |b 1994-<2001> 
362 1 |a Began in 1994.  |z Cf. ISSN Portal 
500 |a Description based on: Letnik 29, št. 1/2 (1995); title from cover. 
500 |a Latest issue consulted: Letnik 39, št. 2 (2005). 
506 |a License restrictions may limit access. 
546 |a In Slovenian, with summaries in English. 
550 |a Issued by: Zbornica zdravstvene in babiške nege Slovenije, <2005-> 
650 1 2 |a Nursing  |0 https://id.nlm.nih.gov/mesh/D009729 
651 2 |a Slovenia  |0 https://id.nlm.nih.gov/mesh/D017524 
655 0 |a Electronic journals. 
710 2 |a Zbornica zdravstvene nege Slovenje. 
710 2 |a Zbornica zdravstvene in babiške nege Slovenije. 
780 0 0 |t Zdravstveni obzornik  |x 0350-9516  |w (OCoLC)50376938 
856 4 0 |z Full text available from Research Library: 01/01/2013 to present  |u https://search.proquest.com/publication/2030177